| 000 | 00796nam a2200241Ia 4500 | ||
|---|---|---|---|
| 003 | OSt | ||
| 005 | 20220925235231.0 | ||
| 006 | a|||||r|||| 00| 0 | ||
| 007 | ta | ||
| 008 | 220923b |||||||| |||| 00| 0 eng d | ||
| 037 | _cGeneral Book | ||
| 040 |
_aRTL _cRTL _beng |
||
| 041 |
_2eng _aeng |
||
| 082 | _aX9.2.N94<N93s, N96/GD | ||
| 110 |
_aINDIA, PLANNING AND PROGRAMME IMPLEMENTATION (Ministry of-) _9301114 |
||
| 245 | 0 | _aAnnual survey of industries 1993-94 (factory sector). | |
| 260 |
_a New Delhi _bController of publications _c1996 |
||
| 300 |
_aiv,230p. _ccm. |
||
| 500 | _aAppendix : Chap. | ||
| 700 |
_aINDIA, PLANNING AND PROGRAMME IMPLEMENTATION (Ministry of-) _9301115 |
||
| 942 |
_hX9.2.N94<N93s, N96/GD _cGB _2CC |
||
| 999 |
_c597017 _d597017 |
||